=LDR 00000nam 2200000 4500 =001 INLIS000000000039174 =005 20130612144825 =008 ***********************************ind** =035 ##$$0010-061300000039174 =041 ##$$a ind =082 ##$$a 348.245.4 =090 ##$$a 348.245.4, Mcc n =100 ##$$a Mccall, gerrie =245 ##$$a Naga, Monster Mengerikan dari Duia Mitos dan Fiksi =650 ##$$a Bacan Anak =850 ##$$a NBPNMAT